| 000 | 00619nam a22002177a 4500 | ||
|---|---|---|---|
| 005 | 20230328034807.0 | ||
| 008 | 230328b |||||||| |||| 00| 0 eng d | ||
| 020 | _a978-0-439-02352-8 | ||
| 082 | _aFic. C713 2008 | ||
| 100 |
_aCollins, Suzanne _eauthor |
||
| 245 |
_aThe hunger games / _cSuzanne Collins |
||
| 260 |
_aNew York: _bScholastic Press, _cc2008 |
||
| 300 | _a374p. | ||
| 490 | _aThe hunger games; book 1 | ||
| 541 | _e5481 | ||
| 650 | _aInsurgency - Fiction | ||
| 650 | _aSurvival - Fiction | ||
| 650 | _aContents - Fiction | ||
| 650 | _aInterpersonal relations - Fiction | ||
| 650 | _aScience fiction | ||
| 999 |
_c2011 _d2011 |
||